[Event "Florianopolis op 10th"]
[Site "Florianopolis"]
[Date "2024.01.21"]
[Round "2"]
[White "Barbosa, Kassio Rodrigo"]
[Black "Orsini, Cesar Oliveira"]
[Result "1/2-1/2"]
[WhiteElo "1548"]
[BlackElo "1151"]
[PlyCount "52"]
[EventDate "2024.01.20"]
[EventType "swiss"]
[EventRounds "10"]
[EventCountry "BRA"]
[SourceTitle "CB05_2024"]
[SourceDate "2024.01.31"]
[SourceVersion "1"]
[SourceVersionDate "2024.01.31"]
[SourceQuality "1"]

1. e4 c5 2. Nf3 d6 3. d4 cxd4 4. Nxd4 Nf6 5. Nc3 a6 6. Bg5 e6 7. f4 Nbd7 8. Bc4 Nb6 9. Bb3 Be7 10. Qd2 Qc7 11. 0-0-0 0-0 12. Nf3 Rd8 13. Qe1 e5 14. Qg3 Nh5 15. Qh4 Nf6 16. fxe5 dxe5 17. Rxd8+ Bxd8 18. Rd1 h6 19. Be3 Bg4 20. Qg3 Bxf3 21. gxf3 Kf8 22. Qf2 Nc4 23. Bc5+ Be7 24. Bxe7+ Kxe7 25. Bxc4 Qxc4 26. Qb6 Qc6 1/2-1/2

[Event "Florianopolis op 9th"]
[Site "Florianopolis"]
[Date "2023.01.23"]
[Round "1"]
[White "Becker, Rogerio Sperb"]
[Black "Barbosa, Kassio Rodrigo"]
[Result "1-0"]
[WhiteElo "2128"]
[BlackElo "1540"]
[PlyCount "105"]
[EventDate "2023.01.23"]
[EventType "swiss"]
[EventRounds "10"]
[EventCountry "BRA"]
[SourceTitle "CBM 212 Extra"]
[Source "ChessBase"]
[SourceDate "2023.03.31"]
[SourceVersion "1"]
[SourceVersionDate "2023.03.31"]
[SourceQuality "1"]

1. c4 Nf6 2. g3 Nc6 3. Bg2 g6 4. d4 Bg7 5. d5 Nb8 6. Nc3 c6 7. Nf3 0-0 8. 0-0 Re8 9. e4 e5 10. h3 d6 11. Be3 c5 12. a3 a6 13. b4 b6 14. Rb1 Nbd7 15. a4 cxb4 16. Rxb4 Nc5 17. Qc2 Bd7 18. Rfb1 Rb8 19. a5 b5 20. cxb5 Bxb5 21. Nxb5 axb5 22. Bxc5 dxc5 23. Rxb5 Rxb5 24. Rxb5 Nd7 25. Nd2 Qc7 26. Nc4 Rb8 27. Qb3 Bf8 28. h4 f6 29. d6 Bxd6 30. Nxd6+ c4 31. Rxb8+ Nxb8 32. Qxc4+ Qxc4 33. Nxc4 Kf8 34. Ne3 Kf7 35. Bf1 Nc6 36. a6 Ke6 37. Bb5 Na7 38. Bc4+ Kd6 39. f3 Kc5 40. Kf2 Nc6 41. Bd5 Na7 42. Ng4 f5 43. Nxe5 fxe4 44. Bxe4 Kb6 45. Bb7 Nb5 46. Ke3 Nd6 47. Kf4 Nxb7 48. axb7 Kxb7 49. Nxg6 Kc7 50. Kg5 Kd8 51. Kf6 Ke8 52. Kg7 hxg6 53. g4 1-0

[Event "Florianopolis op 7th"]
[Site "Florianopolis"]
[Date "2021.01.21"]
[Round "5"]
[White "Silva, Janderson Rossi Da"]
[Black "Barbosa, Kassio Rodrigo"]
[Result "1-0"]
[WhiteElo "1862"]
[BlackElo "1518"]
[PlyCount "85"]
[EventDate "2021.01.18"]
[EventType "swiss"]
[EventRounds "10"]
[EventCountry "BRA"]
[SourceTitle "CBM 200 Extra"]
[Source "ChessBase"]
[SourceDate "2021.03.31"]
[SourceVersion "1"]
[SourceVersionDate "2021.03.31"]
[SourceQuality "1"]

1. e4 c5 2. Nf3 e6 3. d4 cxd4 4. Nxd4 Nc6 5. Nc3 a6 6. Be2 Qc7 7. 0-0 Nf6 8. Nxc6 bxc6 9. Be3 d5 10. Bf3 Be7 11. Rc1 0-0 12. Qe2 a5 13. Rfd1 Bb7 14. Qe1 Rab8 15. Rb1 Rfd8 16. g3 Rbc8 17. a3 Z0 18. Qe2 c5 19. exd5 exd5 20. Bf4 Qd7 21. Re1 Re8 22. Qd3 d4 23. Bxb7 Qxb7 24. Ne4 Qd5 25. Nxf6+ Bxf6 26. Rxe8+ Rxe8 27. Qb5 Ra8 28. Re1 h6 29. a4 g5 30. Bd2 Be5 31. b3 f5 32. Bxa5 f4 33. Bb6 Rc8 34. a5 Kf7 35. Rxe5 Qxe5 36. Qd7+ Kg6 37. Qxc8 Qe1+ 38. Kg2 Qe4+ 39. Kf1 f3 40. Qg8+ Kh5 41. Qf7+ Kg4 42. h3+ Kxh3 43. Qh5+ 1-0

[Event "Florianopolis op 7th"]
[Site "Florianopolis"]
[Date "2021.01.19"]
[Round "3"]
[White "Gatelli, Jacson Henrique"]
[Black "Barbosa, Kassio Rodrigo"]
[Result "0-1"]
[WhiteElo "1885"]
[BlackElo "1518"]
[PlyCount "50"]
[EventDate "2021.01.18"]
[EventType "swiss"]
[EventRounds "10"]
[EventCountry "BRA"]
[SourceTitle "CBM 200 Extra"]
[Source "ChessBase"]
[SourceDate "2021.03.31"]
[SourceVersion "1"]
[SourceVersionDate "2021.03.31"]
[SourceQuality "1"]

1. e4 c5 2. Bc4 e6 3. Nc3 Nc6 4. Nge2 a6 5. a3 Nge7 6. d3 g6 7. 0-0 Bg7 8. f4 d5 9. Ba2 0-0 10. Ng3 b5 11. Qf3 Nd4 12. Qf2 Bb7 13. Nd1 dxe4 14. dxe4 Ndc6 15. c3 c4 16. Ne3 Qb6 17. f5 exf5 18. exf5 Bh8 19. Kh1 Ne5 20. f6 Nd3 21. Qe2 Bxf6 22. Ng4 Nd5 23. Nxf6+ Nxf6 24. Qe7 Nf2+ 25. Rxf2 Qxf2 0-1

[Event "Londrina op U2200 1st"]
[Site "Londrina"]
[Date "2019.03.03"]
[Round "4"]
[White "Monteiro, Samuel Ramazzotte"]
[Black "Barbosa, Kassio Rodrigo"]
[Result "0-1"]
[WhiteElo "1263"]
[BlackElo "1564"]
[PlyCount "62"]
[EventDate "2019.03.01"]
[EventType "swiss"]
[EventRounds "5"]
[EventCountry "BRA"]
[SourceTitle "EXT 2020"]
[Source "ChessBase"]
[SourceDate "2019.10.17"]
[SourceVersion "1"]
[SourceVersionDate "2019.10.17"]
[SourceQuality "1"]

1. e4 c5 2. Nf3 Nc6 3. d4 cxd4 4. Nxd4 e6 5. Nc3 a6 6. Be3 Qc7 7. Be2 Nf6 8. f3 b5 9. a3 Bb7 10. Qd2 Rd8 11. Bf4 e5 12. Nxc6 dxc6 13. Bxe5 Qxe5 14. Qe3 Bc5 15. Qc1 Qd4 16. Nd1 0-0 17. c3 Qe5 18. b4 Bb6 19. a4 Rd7 20. a5 Ba7 21. Ne3 Rfd8 22. 0-0 Qf4 23. Kf2 Nxe4+ 24. Ke1 Bxe3 25. fxe4 Bxc1 26. Rxf4 Bxf4 27. g3 Bd2+ 28. Kf2 Bxc3 29. Rb1 Rd4 30. Ke3 Bxb4 31. Ra1 c5 0-1

[Event "Londrina op U2200 1st"]
[Site "Londrina"]
[Date "2019.03.02"]
[Round "3"]
[White "Barbosa, Kassio Rodrigo"]
[Black "Monteiro, Helen Ramazzotte"]
[Result "1/2-1/2"]
[WhiteElo "1564"]
[BlackElo "1158"]
[PlyCount "106"]
[EventDate "2019.03.01"]
[EventType "swiss"]
[EventRounds "5"]
[EventCountry "BRA"]
[SourceTitle "EXT 2020"]
[Source "ChessBase"]
[SourceDate "2019.10.17"]
[SourceVersion "1"]
[SourceVersionDate "2019.10.17"]
[SourceQuality "1"]

1. d4 d5 2. Bf4 Bf5 3. e3 a6 4. Nf3 Nf6 5. h3 h6 6. Nbd2 e6 7. c3 Be7 8. Qa4+ Nbd7 9. Be2 0-0 10. Ne5 Nxe5 11. dxe5 Ne4 12. Nxe4 Bxe4 13. 0-0 b5 14. Qd1 c5 15. Bf3 Bxf3 16. Qxf3 Rc8 17. Qg3 g5 18. Qg4 d4 19. exd4 cxd4 20. Rfd1 d3 21. Be3 Bc5 22. Qe4 Bxe3 23. Qxe3 Qc7 24. Rxd3 Qc5 25. Qg3 Kh7 26. h4 gxh4 27. Qxh4 Qxe5 28. Rh3 Qg7 29. Qe4+ Kh8 30. g3 Rc4 31. Qe3 Kh7 32. Kg2 Rh8 33. Rah1 Kg8 34. Qb6 Qe5 35. Qb7 Kg7 36. Qf3 Qe4 37. Rh4 Qxf3+ 38. Kxf3 Rxh4 39. Rxh4 Rd8 40. Rd4 Rxd4 41. cxd4 Kg6 42. Kf4 f6 43. b4 h5 44. f3 Kf7 45. Ke4 Ke7 46. f4 Kd6 47. f5 Ke7 48. d5 e5 49. Kf3 Kd6 50. Ke4 Kc7 51. Kd3 Kd7 52. Ke4 Ke7 53. Kf3 Kd6 1/2-1/2

[Event "Sao Paulo op-C U1700 7th"]
[Site "Sao Paulo"]
[Date "2018.04.01"]
[Round "6"]
[White "Alves, Vinicius Santiago S"]
[Black "Barbosa, Kassio Rodrigo"]
[Result "0-1"]
[WhiteElo "1769"]
[BlackElo "1605"]
[PlyCount "72"]
[EventDate "2018.03.30"]
[EventType "swiss"]
[EventRounds "6"]
[EventCountry "BRA"]
[SourceTitle "EXT 2021"]
[Source "ChessBase"]
[SourceDate "2020.10.23"]
[SourceVersion "1"]
[SourceVersionDate "2020.10.23"]
[SourceQuality "1"]

1. e4 c5 2. Nf3 d6 3. d4 cxd4 4. Nxd4 Nf6 5. Nc3 a6 6. f3 Nc6 7. Be3 Qc7 8. Qd2 e5 9. Nb3 Be6 10. Nd5 Bxd5 11. exd5 Ne7 12. 0-0-0 g6 13. g4 Nfxd5 14. Bh6 Rc8 15. Bxf8 Kxf8 16. h4 Nf4 17. h5 d5 18. hxg6 fxg6 19. Bh3 g5 20. Na1 b5 21. Rde1 Qc4 22. a3 Nd3+ 23. Kb1 Nxe1 24. Rxe1 Qf4 25. Qe2 Ng6 26. Nb3 Kg7 27. Qf2 d4 28. Re4 Qf6 29. Bg2 Rc7 30. Bf1 Rhc8 31. Bd3 Nf4 32. Nd2 Nxd3 33. cxd3 Rc1+ 34. Ka2 R1c2 35. Re1 Qe6+ 36. Nb3 Rxf2 0-1

[Event "Sao Paulo op-C U1700 7th"]
[Site "Sao Paulo"]
[Date "2018.03.31"]
[Round "3"]
[White "Barbosa, Kassio Rodrigo"]
[Black "Gomes, Emerson De Lima"]
[Result "1-0"]
[WhiteElo "1605"]
[BlackElo "1338"]
[PlyCount "83"]
[EventDate "2018.03.30"]
[EventType "swiss"]
[EventRounds "6"]
[EventCountry "BRA"]
[SourceTitle "EXT 2021"]
[Source "ChessBase"]
[SourceDate "2020.10.23"]
[SourceVersion "1"]
[SourceVersionDate "2020.10.23"]
[SourceQuality "1"]

1. e4 c6 2. d4 d5 3. Nc3 dxe4 4. Nxe4 Bf5 5. Ng3 Bg6 6. Nf3 Nf6 7. Bc4 e6 8. 0-0 Be7 9. Re1 Nbd7 10. a3 Qc7 11. b4 0-0 12. Bb2 Rfd8 13. Qe2 b6 14. Bb3 c5 15. dxc5 bxc5 16. b5 Re8 17. a4 a5 18. Nh4 e5 19. Nxg6 hxg6 20. Ne4 Nb6 21. c4 Nxe4 22. Qxe4 Bf6 23. Rad1 Rad8 24. Bc3 Nd7 25. Rd3 Nf8 26. Red1 Rxd3 27. Rxd3 Ne6 28. Qe1 Nf4 29. Rd1 Qb7 30. f3 e4 31. Bxf6 gxf6 32. g3 Nh3+ 33. Kf1 e3 34. Qe2 g5 35. Rd3 g4 36. Rxe3 Rxe3 37. Qxe3 gxf3 38. Qe8+ Kg7 39. Qc6 Qb8 40. Qxf3 Ng5 41. Qg4 Qe5 42. h4 1-0

[Event "Sao Paulo op-C U1700 7th"]
[Site "Sao Paulo"]
[Date "2018.03.30"]
[Round "1"]
[White "Barbosa, Kassio Rodrigo"]
[Black "Haraguchi, Diego Sashaki"]
[Result "0-1"]
[WhiteElo "1605"]
[BlackElo "1280"]
[PlyCount "116"]
[EventDate "2018.03.30"]
[EventType "swiss"]
[EventRounds "6"]
[EventCountry "BRA"]
[SourceTitle "EXT 2021"]
[Source "ChessBase"]
[SourceDate "2020.10.23"]
[SourceVersion "1"]
[SourceVersionDate "2020.10.23"]
[SourceQuality "1"]

1. e4 c5 2. Nf3 Nc6 3. Nc3 g6 4. d4 cxd4 5. Nxd4 Bg7 6. Be3 Nf6 7. Qd2 0-0 8. h3 d5 9. exd5 Nxd5 10. Nxc6 bxc6 11. 0-0-0 Be6 12. Bd4 Qa5 13. Bxg7 Kxg7 14. Qd4+ f6 15. Qa4 Qc7 16. Ne4 Qf4+ 17. Kb1 Bf5 18. Bd3 Rab8 19. Qxc6 Qe5 20. Kc1 Qxb2+ 21. Kd2 Qd4 22. Qc5 Qxc5 23. Nxc5 Bxd3 24. Kxd3 Nb4+ 25. Ke2 Nxa2 26. Ne6+ Kf7 27. Nc7 Nc3+ 28. Kf3 Nxd1 29. Rxd1 Rbc8 30. Ra1 Rfd8 31. Rxa7 Rd7 32. Nb5 Rxa7 33. Nxa7 Rxc2 34. Nb5 e5 35. g4 f5 36. Ke3 Ke6 37. f3 Rh2 38. Nc7+ Kd7 39. Nd5 Rxh3 40. Kf2 Kd6 41. Ne3 Rh2+ 42. Kg3 f4+ 43. Kxh2 fxe3 44. Kg2 Kd5 45. Kf1 Kd4 46. Ke2 g5 47. Kd1 e4 48. fxe4 Kxe4 49. Ke2 Kf4 50. Kf1 Kxg4 51. Kg2 h5 52. Kf1 h4 53. Kg2 h3+ 54. Kg1 Kf3 55. Kh1 e2 56. Kh2 g4 57. Kg1 e1Q+ 58. Kh2 Qf2+ 0-1

[Event "Maringa Parana-ch"]
[Site "Maringa"]
[Date "2018.02.04"]
[Round "8"]
[White "Salvadego, Matheus Henrique De"]
[Black "Barbosa, Kassio Rodrigo"]
[Result "1-0"]
[WhiteElo "1719"]
[BlackElo "1613"]
[PlyCount "118"]
[EventDate "2018.01.31"]
[EventType "swiss"]
[EventRounds "8"]
[EventCountry "BRA"]
[SourceTitle "CBM 182 Extra"]
[Source "ChessBase"]
[SourceDate "2018.02.23"]
[SourceVersion "1"]
[SourceVersionDate "2018.02.23"]
[SourceQuality "1"]

1. d4 e6 2. c4 Nf6 3. Nc3 Bb4 4. e3 c5 5. Bd3 cxd4 6. exd4 d5 7. Nge2 dxc4 8. Bxc4 0-0 9. 0-0 b6 10. f3 Bb7 11. Bg5 Nbd7 12. Ne4 Be7 13. Bxf6 Nxf6 14. N2g3 Rc8 15. b3 a6 16. a4 Qd7 17. Qd3 Ra8 18. Rad1 Rfd8 19. Rfe1 Nd5 20. Nf1 h6 21. Ne3 Nf4 22. Qb1 Bb4 23. Rf1 Qe7 24. g3 Nh3+ 25. Kg2 Ng5 26. d5 exd5 27. Nxd5 Bxd5 28. Bxd5 Rab8 29. h4 Nxe4 30. fxe4 Rf8 31. Qd3 a5 32. Qc4 Rbc8 33. Bxf7+ Kh8 34. Qe6 Rc2+ 35. Kh3 Qxe6+ 36. Bxe6 Rxf1 37. Rxf1 Rc3 38. Rd1 g5 39. hxg5 hxg5 40. Kg4 Kg7 41. e5 Re3 42. Rd7+ Kf8 43. Kxg5 Rxg3+ 44. Kf6 Rf3+ 45. Kg5 Bc3 46. Bd5 Re3 47. e6 Re5+ 48. Kf4 Ke8 49. Bc4 Re1 50. Rb7 Bd4 51. Bb5+ Kd8 52. Rd7+ Kc8 53. Rxd4 Kb8 54. Kf5 Rh1 55. e7 Rh5+ 56. Kg6 Rc5 57. e8Q+ Rc8 58. Rd8 Rxd8 59. Qxd8+ Ka7 1-0